Statistics for Top 10 Biggest European Countries by Area

Click here to take the quiz!

General Stats

  • This quiz has been taken 29 times
  • The average score is 9 of 10

Answer Stats

Area (Sq. km)Country% Correct
551,695France
96%
357,168Germany
96%
385,178Norway
96%
498,468Spain
96%
338,145Finland
92%
301,318Italy
92%
449,964Sweden
92%
603,628Ukraine
85%
312,685Poland
81%
244,820United Kingdom
62%

Score Distribution

Percentile by Number Answered

Percent of People with Each Score

Your Score History

You have not taken this quiz